Statistics for European NBA players - 2018/19 season

Click here to take the quiz!

General Stats

  • This quiz has been taken 42 times
  • The average score is 38 of 70

Answer Stats

Country Player Team % Correct
SloveniaLuka DoncicMavericks
91%
SerbiaNikola JokicNuggets
88%
FranceRudy GobertJazz
88%
GermanyDirk NowitzkiMavericks
82%
CroatiaBojan BogdanovicPacers
82%
SerbiaBogdan BogdanovicKings
82%
SpainMarc GasolGrizzlies
79%
SloveniaGoran DragicHeat
79%
GreeceGiannis AntetokounmpoBucks
79%
SpainPau GasolSpurs
79%
FranceTony ParkerHornets
76%
FranceNicolas BatumHornets
76%
FranceEvan FournierMagic
76%
Bosnia-Herz.Jusuf NurkicTrail Blazers
74%
SwitzerlandClint CapelaRockets
71%
FinlandLauri MarkkanenBulls
71%
LithuaniaJonas ValanciunasRaptors
71%
LatviaKristaps PorzingisKnicks
71%
MontenegroNikola VucevicMagic
71%
ItalyMarco BelinelliSpurs
68%
PolandMarcin GortatClippers
68%
GeorgiaZaza PachuliaPistons
65%
CroatiaDario SaricTimberwolves
65%
SpainRicky RubioJazz
65%
GermanyDenis SchröderThunder
62%
SpainJuan HernangomezNuggets
59%
ItalyDanilo GallinariClippers
59%
CroatiaMario HezonjaKnicks
59%
LithuaniaDomantas SabonisPacers
59%
CroatiaIvica ZubacLakers
59%
SerbiaBoban MarjanovicClippers
59%
TurkeyEnes KanterKnicks
59%
TurkeyErsan IlyasovaBucks
59%
SpainWilly HernangomezHornets
59%
Czech Rep.Tomas SatoranskyWizards
56%
SwedenJonas JerebkoWarriors
56%
SpainJosé CalderonPistons
56%
AustriaJakob PoeltlSpurs
56%
RussiaTimofey MozgovMagic
53%
GreeceKosta KoufosKings
53%
TurkeyFurkan Korkmaz76ers
50%
TurkeyCedi OsmanCavaliers
50%
United KingdomLuol DengTimberwolves
50%
GermanyMaxi KleberMavericks
50%
CroatiaDragan BenderSuns
50%
SpainSerge IbakaRaptors
47%
FranceFrank NtilikinaKnicks
47%
SpainNikola MiroticPelicans
47%
GermanyMoritz WagnerLakers
47%
CroatiaAnte ZizicCavaliers
44%
SerbiaNemanja BjelicaKings
44%
LatviaDavis BertansSpurs
44%
GermanyDaniel TheisCeltics
44%
SerbiaMilos TeodosicClippers
44%
Bosnia-Herz.Dzanan MusaNets
41%
SpainAlex AbrinesThunder
41%
UkraineAlex LenHawks
38%
SwitzerlandThabo SefoloshaJazz
38%
LatviaRodions KurucsNets
38%
IsraelOmri CasspiGrizzlies
35%
IsraelT.J. LeafPacers
29%
United KingdomO.G. AnunobyRaptors
29%
FranceJoakim NoahGrizzlies
26%
FranceIan MahinmiWizards
26%
FranceTimothé Luwawu-CabarrotThunder
26%
FranceGuerschon YabuseleCeltics
26%
GermanyIsaac BongaLakers
18%
GermanyIsaiah HartensteinRockets
15%
FranceElie OkoboSuns
9%
UkraineSviatoslav MykhailiukLakers
6%

Score Distribution

Percentile by Number Answered

Percent of People with Each Score

Your Score History

You have not taken this quiz